Dịch văn bản khoa học và kỹ thuật sang tiếng Anh

Сохранить в:
Библиографические подробности
Главный автор: Pumpyanski
Формат:
Язык:Undetermined
Опубликовано: Hà Nội Khoa học kỹ thuật 2002
Предметы:
Метки: Добавить метку
Нет меток, Требуется 1-ая метка записи!
Thư viện lưu trữ: Trung tâm Học liệu Trường Đại học Cần Thơ
LEADER 00570nam a2200193Ia 4500
001 CTU_54286
008 210402s9999 xx 000 0 und d
020 |b 35000 
082 |a 428.02 
082 |b P984 
100 |a Pumpyanski 
245 0 |a Dịch văn bản khoa học và kỹ thuật sang tiếng Anh 
245 0 |c Pumpyanski; Đào Hồng Thu dịch 
260 |a Hà Nội 
260 |b Khoa học kỹ thuật 
260 |c 2002 
650 |a english language 
650 |x translating 
980 |a Trung tâm Học liệu Trường Đại học Cần Thơ